Analýza vybraných ekonomických a sociálnych problémov Ukrajiny

Vybrané ekonomické a sociálne problémy súčasnej Ukrajiny. Ukrajinská spoločnosť a najmä ekonomika prechádza zložitým transformačným procesom. V rámci transformačného procesu vzniká veľké množstvo rôznych ekonomických a spoločenských problémov, ktoré determinujú súčasný a predovšetkým budúci vývoj te...

Descrizione completa

Salvato in:
Dettagli Bibliografici
Autore principale: Vravec, Ján
Altri autori: Mišenková, Michaela
Natura: Capitolo di libro
Lingua:slovacco
Soggetti:
Tags: Aggiungi Tag
Nessun Tag, puoi essere il primo ad aggiungerne!!

MARC

LEADER 00000nla a2200000 4500
001 0234528
005 20260205070157.5
041 0 |a slo 
044 |a SK 
245 1 0 |a Analýza vybraných ekonomických a sociálnych problémov Ukrajiny  |c Ján Vravec, Michaela Mišenková 
520 |a Vybrané ekonomické a sociálne problémy súčasnej Ukrajiny. Ukrajinská spoločnosť a najmä ekonomika prechádza zložitým transformačným procesom. V rámci transformačného procesu vzniká veľké množstvo rôznych ekonomických a spoločenských problémov, ktoré determinujú súčasný a predovšetkým budúci vývoj tejto krajiny. Ukrajinská spoločnosť a ukrajinská ekonomika sa dostali do vážnych problémov najmä v priebehu roka 2014. Mnohé problémy a nedostatky majú chronický charakter a ich riešenie je veľmi zložité a finančne nákladné. Anexia Krymu a občianska vojna na Donbase spôsobili obrovskú nestabilitu a ekonomické problémy, ktoré je nevyhnutné riešiť v prospech obyvateľov Ukrajiny. 
610 2 0 |a politika sociálna 
610 2 0 |a politika hospodárska 
610 2 0 |a Ukrajina 
610 2 0 |a reformy hospodárske 
100 1 |a Vravec, Ján 
700 1 |a Mišenková, Michaela